טוען...
Ion transport in plant cells and tissues
| מחברים אחרים: | , |
|---|---|
| פורמט: | Printed Book |
| שפה: | English |
| LEADER | 00363nam a2200109Ia 4500 | ||
|---|---|---|---|
| 008 | 210227s9999||||xx |||||||||||||| ||eng|| | ||
| 245 | 0 | |a Ion transport in plant cells and tissues | |
| 700 | |a Baker, D. A. |e editor. | ||
| 700 | |a Hall, J. L. |e editor. | ||
| 942 | |c BK | ||
| 999 | |c 356585 |d 356585 | ||
| 952 | |0 0 |1 0 |4 0 |7 0 |9 413742 |a BOT |b BOT |c ST1 |d 2021-03-01 |l 0 |p BOT3958 |r 2021-03-01 |w 2021-03-01 |y BK | ||